000 00397nam a2200121Ia 4500
008 230907s9999||||xx |||||||||||||| ||und||
082 _a629.1342
_bSTA
245 0 _aStandard aircraft handbook for mechanics and technicians /
260 _aMcGraw Hill Education,
_bNew York :
_c2014
300 _axv, 352 pages :
650 _aHandbooks, manuals, etc. Handbooks, manuals, etc.
_9115697
942 _cBK
999 _c601134
_d601134